000
00206 a2200085 4500
999
_c
216394
_d
216394
020
_a
9781446256091
100
_a
TREADWELL, James
245
_a
Criminology : the essentials
260
_b
SAGE : Los Angeles
_c
2013